[Event "Bad Woerishofen op"]
[Site "Bad Woerishofen"]
[Date "1995.??.??"]
[Round "4"]
[White "Paehtz, Thomas Sr"]
[Black "Miles, Anthony J"]
[Result "1-0"]
[WhiteElo "2460"]
[BlackElo "2615"]

1.d4 d6 2.e4 Nf6 3.f3 d5 4.e5 Nfd7 5.f4 c5 6.c3 Nc6 7.Nf3 cxd4 8.cxd4 Nb6
9.Nc3 Bg4 10.Be3 e6 11.Rc1 a6 12.h3 Bh5 13.Bf2 Rc8 14.g4 Bg6 15.Bd3 Nc4 16.Bxg6 hxg6
17.Qe2 Qb6 18.Rb1 Bb4 19.O-O Rxh3 20.Rfd1 Be7 21.Kg2 Rh8 22.b3 Na3 23.Rbc1 Qa7
24.f5 gxf5 25.gxf5 Rd8 26.Na4 exf5 27.Nc5 Nb5 28.e6 f6 29.Rh1 Rxh1 30.Rxh1 Nc3
31.Rh8+ Bf8 32.Qe1 Ne4 33.Qh1 Ke7 34.Qh5 Kd6 35.Qh2+  1-0

[Event "Bad Woerishofen op"]
[Site "Bad Woerishofen"]
[Date "1995.??.??"]
[Round "6"]
[White "Dobosz, Henryk"]
[Black "Miles, Anthony J"]
[Result "0-1"]
[WhiteElo "2420"]
[BlackElo "2615"]

1.Nf3 Nf6 2.d4 g6 3.c4 Bg7 4.Nc3 O-O 5.e4 d6 6.Be2 Na6 7.Be3 e5 8.d5 Ng4
9.Bg5 f6 10.Bd2 f5 11.exf5 gxf5 12.Ng5 Nf6 13.f4 e4 14.Be3 Qe7 15.O-O h6
16.Nh3 c5 17.Nf2 Bd7 18.a3 Kh8 19.Rb1 Rg8 20.Kh1 Raf8 21.Qc2 Ne8 22.Qd2 Bf6
23.Rg1 Nac7 24.g4 Bh4 25.gxf5 Bxf5 26.Rxg8+ Rxg8 27.Rg1 Rxg1+ 28.Kxg1 Nf6
29.Ncd1 Nce8 30.b4 b6 31.Qc3 Ng7 32.Kf1 Bc8 33.Bc1 Nf5 34.Bg4 e3 35.Nh3 Nd4  0-1

[Event "Benasque"]
[Site "Benasque"]
[Date "1995.??.??"]
[Round "1"]
[White "Comas Fabrego, Luis"]
[Black "Miles, Anthony J"]
[Result "0-1"]
[WhiteElo "2490"]
[BlackElo "2600"]

1.d4 Nf6 2.c4 g6 3.Nc3 Bg7 4.e4 d6 5.Nf3 O-O 6.h3 Na6 7.Bg5 Qe8 8.Qc2 c6
9.Rd1 e5 10.d5 cxd5 11.cxd5 Bd7 12.Nd2 Rc8 13.Bxa6 bxa6 14.Qb3 Bb5 15.Qa3 Nh5
16.g3 f6 17.Be3 f5 18.Bxa7 Rf7 19.Bb6 Bd3 20.Ba5 Qe7 21.h4 Qa7 22.Rh2 Nf6
23.Qxd6 Ng4 24.Qe6 Rxc3  0-1

[Event "Benasque"]
[Site "Benasque"]
[Date "1995.??.??"]
[Round "3"]
[White "Andersson, Ulf"]
[Black "Miles, Anthony J"]
[Result "1/2-1/2"]
[WhiteElo "2630"]
[BlackElo "2600"]

1.Nf3 d6 2.d4 Bg4 3.e4 Nf6 4.Nbd2 e6 5.Bd3 Be7 6.O-O Nbd7 7.Re1 O-O 8.h3 Bh5
9.Nf1 Bg6 10.Ng3 Nh5 11.Nxh5 Bxh5 12.c3 Re8 13.Be3 c6 14.Qe2  1/2-1/2

[Event "Benasque"]
[Site "Benasque"]
[Date "1995.??.??"]
[Round "6"]
[White "Miles, Anthony J"]
[Black "Izeta Txabarri, Felix"]
[Result "1-0"]
[WhiteElo "2600"]
[BlackElo "2495"]

1.g3 g6 2.Bg2 Bg7 3.d4 c6 4.Nc3 d5 5.Nf3 Nf6 6.O-O O-O 7.Bf4 Bf5 8.Qd2 Qc8
9.Rfe1 Na6 10.Rac1 Re8 11.Bh6 Bh8 12.Ne5 Nd7 13.f4 f6 14.Nd3 Nc7 15.Nf2 Nb6
16.e4 Be6 17.b3 Qd7 18.Nd3 Bf7 19.Nc5 Qc8 20.Rcd1 Nd7 21.Bh3 e6 22.Nd3 f5
23.e5 Nb5 24.Ne2 c5 25.dxc5 Nxc5 26.Qb4 Nxd3 27.cxd3 a6 28.Rc1 Qd7 29.Rc2 Rac8
30.Rec1 Rxc2 31.Rxc2 Rc8 32.Bf1 Bg7 33.Rxc8+ Qxc8 34.Bxg7 Kxg7 35.a4 Na7
36.Nd4 Nc6 37.Qc5 Be8 38.b4 Qd7 39.Nb3 Nd8 40.Qb6 Kf7 41.Nc5 Qe7 42.Be2 h6
43.b5 axb5 44.axb5 Kg8 45.d4 g5 46.Qd6 Qxd6 47.exd6 g4 48.d7 Bf7 49.b6 Kf8
50.Bb5 Ke7 51.Kf2 Bg8 52.Ke3 Bf7 53.Kd2 Bg8 54.Kc3 Bf7 55.Kb4 Kd6 56.Nd3 Bg8
57.Ne5 Bh7 58.Ka5 Bg8 59.Ba6  1-0

[Event "Benasque"]
[Site "Benasque"]
[Date "1995.??.??"]
[Round "8"]
[White "Lalic, Bogdan"]
[Black "Miles, Anthony J"]
[Result "1/2-1/2"]
[WhiteElo "2590"]
[BlackElo "2600"]

1.c4 e5 2.g3 Nf6 3.Bg2 Nc6 4.Nc3 Bb4 5.Nd5 Bc5 6.a3 d6 7.e3 Bb6 8.Ne2 O-O
9.O-O Bg4 10.h3 Bh5 11.d3 Nxd5 12.cxd5 Ne7 13.Qd2  1/2-1/2

[Event "Biel op"]
[Site "Biel"]
[Date "1995.??.??"]
[Round "1"]
[White "Zollbrecht, Josef"]
[Black "Miles, Anthony J"]
[Result "0-1"]
[WhiteElo "2320"]
[BlackElo "2600"]

1.e4 Nc6 2.Nf3 d6 3.d4 Nf6 4.Nc3 Bg4 5.Be2 e6 6.h3 Bh5 7.d5 exd5 8.exd5 Bxf3
9.Bxf3 Ne5 10.Be2 Be7 11.f4 Ng6 12.O-O O-O 13.Bd3 c5 14.Qf3 a6 15.a4 Ne8
16.g3 Nc7 17.h4 Bf6 18.Bd2 Qd7 19.a5 Qh3 20.Rf2 Rfe8 21.Bf1 Qd7 22.Kh2 Nb5
23.Nxb5 axb5 24.Bc3 Bxc3 25.Qxc3 b4 26.Qd3 h6 27.c3 bxc3 28.bxc3 Re7 29.Re2 Nf8
30.Rxe7 Qxe7 31.a6 bxa6 32.Rxa6 Rb8 33.Ra2 Qe1 34.c4 Nh7 35.Qe2 Qb1 36.Rd2 Nf6
37.Bg2 Re8 38.Qf3 Re3 39.Qf1 Qb3 40.Qd1 Qc3 41.g4 Qxc4 42.Rf2 Qd4  0-1

[Event "Biel op"]
[Site "Biel"]
[Date "1995.??.??"]
[Round "8"]
[White "Miles, Anthony J"]
[Black "Konopka, Michal"]
[Result "1/2-1/2"]
[WhiteElo "2600"]
[BlackElo "2420"]

1.d4 Nf6 2.Nf3 g6 3.c3 Bg7 4.Bg5 O-O 5.Nbd2 d6 6.e4 c5 7.dxc5 dxc5 8.Qc2 Nc6
9.Be2 Qc7 10.O-O Rd8 11.h3 Nh5 12.Be3 Nf4 13.Bb5 Ne5 14.Rfd1 Bd7 15.Bxd7 Nxd7
16.Qb3 Ne6 17.a4 Nf6 18.Qc4 Rd7 19.Nb3 Rad8 20.Rxd7 Nxd7 21.Ng5 Ndf8 22.Nxe6 Nxe6
23.a5 Be5 24.Nd2 Bh2+ 25.Kh1 Bf4 26.Nf1 Bxe3 27.Nxe3 Qf4 28.Rf1 Rd2 29.Nd5 Qh4
30.b4  1/2-1/2

[Event "Cappelle op"]
[Site "Cappelle la Grande"]
[Date "1995.??.??"]
[Round "3"]
[White "Miles, Anthony J"]
[Black "Grivas, Efstratios"]
[Result "1-0"]
[WhiteElo "2615"]
[BlackElo "2460"]

1.d4 f5 2.Bg5 c6 3.e3 g6 4.Bd3 Bg7 5.Nd2 Nf6 6.c3 O-O 7.Ne2 d6 8.Qb3+ Kh8
9.h4 Qe8 10.Ng3 h6 11.Bxf6 Rxf6 12.O-O-O e5 13.Bb1 b5 14.dxe5 dxe5 15.h5 g5
16.e4 f4 17.Nf5 Bf8 18.Nf3 Nd7 19.Rd2 Nb6 20.Qd1 Be6 21.Nh2 Nc4 22.Rd3 Bxf5
23.exf5 Rxf5 24.Re1 Rf7 25.Ng4 e4 26.Rd4 Bg7 27.Rdxe4 Qg8 28.Qc2 Rd8 29.Re8 Rf8
30.Rxd8 Rxd8 31.Re6 Rd2 32.Qf5  1-0

[Event "Cappelle op"]
[Site "Cappelle la Grande"]
[Date "1995.??.??"]
[Round "6"]
[White "Raetsky, Alexander"]
[Black "Miles, Anthony J"]
[Result "0-1"]
[WhiteElo "2510"]
[BlackElo "2615"]

1.d4 Nf6 2.c4 g6 3.Nc3 Bg7 4.e4 d6 5.Be2 O-O 6.Bg5 Na6 7.Qd2 Qe8 8.h4 e5
9.d5 Nc5 10.Bf3 Ng4 11.Bxg4 Bxg4 12.f3 Bd7 13.b4 Na4 14.Nxa4 Bxa4 15.Ne2 f5
16.Nc3 Bd7 17.Bh6 Bxh6 18.Qxh6 Qe7 19.Qg5 Qg7 20.h5 Rf6 21.h6 Qf7 22.O-O-O f4
23.Kb2 a5 24.a3 Qf8 25.Qh4 Rf7 26.b5 b6 27.a4 Qd8 28.Qxd8+ Rxd8 29.Rdg1 Rf6
30.Kc2 Kf7 31.Nd1 Rg8 32.Kd2 g5 33.g4 fxg3 34.Rxg3 Rfg6 35.Nf2 g4 36.Ke3 gxf3
37.Rxf3+ Rf6 38.Rxf6+ Kxf6 39.Rh2 Rg1 40.Ke2 Rg3 41.Rh1 Kg5 42.Rh2 Be8 43.Nh3+ Kg4
44.Nf2+ Kf4 45.Nd1 Kxe4 46.Rh4+ Kf5 47.Kf2 Ra3 48.Ne3+ Kf6 49.Rh3 Ra2+ 50.Kg3 Kg5
51.Kf3 Bh5+ 52.Ke4 Bg6+ 53.Kf3 Rxa4  0-1

[Event "Cappelle op"]
[Site "Cappelle la Grande"]
[Date "1995.??.??"]
[Round "7"]
[White "Miles, Anthony J"]
[Black "Smagin, Sergey"]
[Result "1/2-1/2"]
[WhiteElo "2615"]
[BlackElo "2540"]

1.d4 d5 2.Bg5 c6 3.e3 Qb6 4.Qc1 h6 5.Bf4 Bf5 6.Nf3 Nf6 7.c4 Nbd7 8.Nc3 dxc4
9.Nd2 Qd8 10.Nxc4 Nb6 11.Bg3 e6 12.f3 Nxc4 13.Bxc4 Bh7 14.Qd2 Be7 15.Rd1 O-O
16.e4 b5 17.Be2 Nh5 18.Bf2 f5 19.f4 Nf6 20.e5 Nd5 21.O-O Qb6 22.Nxd5 cxd5
23.Rc1 Rfc8 24.Rxc8+ Rxc8 25.Rc1 Rxc1+ 26.Qxc1 Qb7 27.Bh5 Kf8 28.Be1 Bg8
29.Ba5 Bf7 30.Be2 Be8 31.a3 Kg8 32.Qc3 Qc6 33.Qxc6 Bxc6 34.Kf2 g5 35.g4 fxg4
36.Bxg4 Bd7 37.Bd2 Kg7 38.fxg5 Bxg5 39.Bxg5 hxg5 40.Ke3 a5 41.b4 axb4 42.axb4 Kg6
43.Kf2 Kh6 44.Kg3 Kg6 45.Be2 Kh6 46.Bf1 Kh5 47.Bd3 Kh6 48.Be2 Kg6 49.Kg4 Kh6
50.h4 gxh4 51.Kxh4 Kg7 52.Kg5 Kf7 53.Kh6 Ke7 54.Kg7 Bc6 55.Bh5 Bd7 56.Bf3 Bc6
57.Bh1  1/2-1/2

[Event "Wichern op"]
[Site "Hamburg"]
[Date "1995.??.??"]
[Round "1"]
[White "Miles, Anthony J"]
[Black "Tatenhorst, Volker"]
[Result "1-0"]
[WhiteElo "2600"]
[BlackElo "2280"]

1.d4 Nf6 2.Nf3 g6 3.c3 Bg7 4.Bg5 d6 5.Nbd2 O-O 6.e4 Nbd7 7.Bc4 c6 8.Bb3 Qc7
9.O-O h6 10.Bh4 e5 11.Re1 Re8 12.Nc4 exd4 13.Bg3 Ne5 14.Nxd6 Qxd6 15.Nxe5 Be6
16.Nxf7 Qe7 17.Nd6 Red8 18.cxd4 Nh5 19.e5 Nxg3 20.hxg3 Bxb3 21.Qxb3+ Kh7
22.Rad1 Rd7 23.f4 Rf8 24.d5 cxd5 25.Rxd5 Rfd8 26.Red1 Qe6 27.Qf3 b6 28.b3 h5
29.Kh2 Kg8 30.Nb7  1-0

[Event "Wichern op"]
[Site "Hamburg"]
[Date "1995.??.??"]
[Round "6"]
[White "Mowsziszian, Karen"]
[Black "Miles, Anthony J"]
[Result "1/2-1/2"]
[WhiteElo "2440"]
[BlackElo "2600"]

1.d4 d5 2.c4 dxc4 3.e3 c5 4.Bxc4 cxd4 5.exd4 Qc7 6.Qb3 e6 7.Ne2 Nf6 8.Nbc3 Be7
9.Bf4 Qa5 10.O-O O-O 11.Rad1 Nc6 12.a3 Qh5 13.Qc2 e5 14.dxe5 Nxe5 15.Ng3 Qh4
16.Bxe5 Qxc4 17.Rfe1 Be6 18.Nf5 Bxf5 19.Qxf5 Rfd8 20.h3 Rxd1  1/2-1/2

[Event "Wichern op"]
[Site "Hamburg"]
[Date "1995.??.??"]
[Round "7"]
[White "Miles, Anthony J"]
[Black "Michaelsen, Nils"]
[Result "1/2-1/2"]
[WhiteElo "2600"]
[BlackElo "2425"]

1.d4 Nf6 2.Nf3 g6 3.c3 Bg7 4.Bg5 O-O 5.Nbd2 d5 6.e3 Nbd7 7.Be2 Re8 8.O-O e5
9.Nb3 c6 10.Rc1 h6 11.Bh4 exd4 12.cxd4 g5 13.Bg3 Ne4 14.Nfd2 Nxg3 15.hxg3 f5
16.Re1 Qe7 17.a3 a6 18.g4 Nf6 19.gxf5 Bxf5 20.Nc5 Rf8 21.Nf1 Rae8 22.Ng3 Bg6
23.Bd3 Bxd3 24.Nxd3 Ne4 25.Nxe4 Qxe4 26.Nc5 Qf5 27.Qc2 Qf7 28.Rcd1 Re7 29.Rd2 h5
30.e4 dxe4 31.Rxe4 Rxe4 32.Nxe4 Qd5 33.Nc3 Qf5 34.Qd1 g4 35.Re2 Kh8 36.d5 cxd5
37.Nxd5 Rd8 38.Rd2 Bh6 39.Rd3 Bg7 40.Qb3 b5 41.Rd1 Qe4 42.Nc3 Rxd1+ 43.Qxd1 Bxc3
44.bxc3 Kg7 45.Qd7+  1/2-1/2

[Event "Wichern op"]
[Site "Hamburg"]
[Date "1995.??.??"]
[Round "8"]
[White "Miles, Anthony J"]
[Black "Reeh, Oliver"]
[Result "1-0"]
[WhiteElo "2600"]
[BlackElo "2445"]

1.d4 g6 2.e4 Bg7 3.Nf3 d6 4.c3 Nf6 5.Bd3 O-O 6.O-O c5 7.h3 Qc7 8.Re1 e5 9.Nbd2 Nc6
10.dxc5 dxc5 11.Nf1 h6 12.Ne3 Be6 13.Bc4 Bxc4 14.Nxc4 b5 15.Qd6 Qb7 16.Ncxe5 Nxe5
17.Qxe5 Rfe8 18.Qxc5 Nxe4 19.Qa3 a5 20.Be3 a4 21.Bd4 Bf8 22.b4 Rac8 23.Qb2 Qd5
24.Rad1 Qf5 25.Qb1 Re6 26.Re3 Rce8 27.Red3 g5 28.Re3 Bd6 29.Rde1 g4 30.hxg4 Qxg4
31.Ne5 Bxe5 32.Bxe5 Rxe5 33.f3 Qg7 34.fxe4 f5 35.Qd3 fxe4 36.Rxe4 Qa7+ 37.Kh2 Rh5+
38.Kg3 Qc7+ 39.Kf2 Rf8+ 40.Ke2 Rhf5 41.Kd1 Qf7 42.Re6 Qh5+ 43.Kc1 Qg5+ 44.Qd2 Qxd2+
45.Kxd2 Rg5 46.R1e2 Rd8+ 47.Kc2 Kg7 48.R6e5 Rd5 49.Rxd5 Rxd5 50.Re4 Rf5 51.Kd3 Kf6
52.Ke3 Kg5 53.c4 bxc4 54.Rxc4 Rf1 55.a3 Rb1 56.Kd4 Rb2 57.g3 h5 58.Kc5 Rb3
59.b5 Rxa3 60.b6 Re3 61.b7 Re8 62.Rxa4  1-0

[Event "Wichern op"]
[Site "Hamburg"]
[Date "1995.??.??"]
[Round "9"]
[White "Kogan, Artur"]
[Black "Miles, Anthony J"]
[Result "1/2-1/2"]
[WhiteElo "2495"]
[BlackElo "2600"]

1.d4 d5 2.Nf3 Nf6 3.c4 dxc4 4.e3 Bg4 5.Bxc4 e6 6.Qb3 Bxf3 7.gxf3 Nbd7 8.Nc3 Rb8
9.O-O b5 10.Be2 c5 11.dxc5 b4 12.Na4 Nxc5 13.Nxc5 Bxc5 14.Qa4+ Qd7 15.Qxd7+ Nxd7
16.Bd2 Ke7 17.Rfc1 Rhc8 18.Rc2 Bd6 19.Rac1 Rxc2 20.Rxc2 a5 21.f4 Rb7 22.Kg2 Rc7
23.Rxc7 Bxc7 24.Kf3 Kd6 25.Bd3 f5 26.Ke2 Bd8 27.a3 Kc5 28.axb4+ axb4 29.Kd1 Bh4
30.f3 Nb6 31.Kc2 Nc4 32.Bxc4 Kxc4 33.b3+ Kb5 34.Kd3 Be7 35.e4 Bc5 36.Bc1 g6
37.Bb2 Bd6 38.Bc1 Bc5 39.h3 Be7 40.Be3 Bd6 41.Bc1 Bc5 42.Be3 Bd6 43.Bc1  1/2-1/2

[Event "Linares zt"]
[Site "Linares"]
[Date "1995.??.??"]
[Round "4"]
[White "Miles, Anthony J"]
[Black "Godena, Michele"]
[Result "1-0"]
[WhiteElo "2600"]
[BlackElo "2420"]

1.d4 d5 2.Bg5 Nd7 3.e3 Ngf6 4.Nf3 Ne4 5.Bh4 Ndf6 6.Be2 Bg4 7.Ne5 Bxe2 8.Qxe2 c6
9.f3 Nd6 10.Nd2 e6 11.O-O-O Be7 12.Bf2 Qa5 13.Kb1 Qb5 14.c4 dxc4 15.Ndxc4 O-O
16.e4 Rad8 17.Rc1 Nd7 18.Qc2 Nxe5 19.Nxe5 f5 20.Rhe1 Bg5 21.Rcd1 Bf6 22.Nd3 fxe4
23.fxe4 Nc4 24.Qc3 Nb6 25.Qc5 Qa6 26.Be3 Rf7 27.Qc1 Qb5 28.Nc5 e5 29.dxe5 Rxd1
30.Rxd1 Bxe5 31.a4 Qe2 32.Rd2 Qc4 33.Rd8+ Rf8 34.Rxf8+ Kxf8 35.a5 Qxc1+ 36.Bxc1 Nc4
37.b3 b6 38.Nd3 Nxa5 39.Nxe5 Nxb3 40.Nxc6 Nxc1 41.Kxc1 a5 42.Kd2 a4 43.Kc3 Kf7
44.Kb4 b5 45.Nd4 Kf6 46.Nxb5  1-0

[Event "Linares zt"]
[Site "Linares"]
[Date "1995.??.??"]
[Round "8"]
[White "Miles, Anthony J"]
[Black "Antunes, Antonio"]
[Result "1/2-1/2"]
[WhiteElo "2600"]
[BlackElo "2530"]

1.d4 d5 2.Bg5 c6 3.e3 Qb6 4.Qc1 Bf5 5.Nf3 e6 6.c4 h6 7.Bh4 Be7 8.Bxe7 Nxe7
9.Nc3 Nd7 10.Be2 O-O 11.O-O Rac8 12.Rd1 Bg4 13.h3 Bf5 14.a3 Qc7 15.Qd2 Bg6
16.Rac1 Qb8 17.b4 Rfd8 18.Qb2 Bh5 19.Qb3 a6 20.Re1 Re8 21.a4 dxc4 22.Qxc4 e5
23.Red1 Rcd8 24.dxe5 Bxf3 25.Bxf3 Nxe5 26.Qe2 Nxf3+ 27.Qxf3 Qe5 28.Qe2  1/2-1/2

[Event "PCA/Intel-GP"]
[Site "London"]
[Date "1995.??.??"]
[Round "1"]
[White "Kramnik, Vladimir"]
[Black "Miles, Anthony J"]
[Result "1/2-1/2"]
[WhiteElo "2730"]
[BlackElo "2600"]

1.Nf3 d5 2.d4 Nf6 3.c4 dxc4 4.Nc3 a6 5.e4 b5 6.e5 Nd5 7.a4 e6 8.axb5 Nb6
9.Qc2 Bb7 10.Be2 Be7 11.O-O axb5 12.Rxa8 Bxa8 13.Nxb5 O-O 14.Rd1 Na6 15.Nc3 Nb4
16.Qb1 Qd7 17.Ne4 Qa4 18.Bg5 Bxg5 19.Nexg5 Qc2 20.Qxc2 Nxc2 21.Rc1 Nb4 22.Nd2 Rd8
23.Nxc4 h6 24.Nh3 Be4 25.Ne3 Rxd4 26.f3 Bg6 27.Rxc7 Rd2 28.Nf4 Rxb2 29.Bf1 Bb1
30.Rb7 Nc6 31.Nd1 Rb4 32.Nc3 Nxe5 33.Nfe2 Bc2 34.f4 Ned7 35.Ng3 Rxf4 36.Nb5 Kf8
37.Nd6 Ke7 38.Nb5 Ba4 39.Nc3 Bc6 40.Rc7 Kd6 41.Ra7 Rb4 42.Be2 f5 43.Nf1 g5
44.Ra1 Nd5 45.Rd1 Nb6 46.Ne3 Ke5 47.Ncxd5 Nxd5 48.Nc4+ Kf6 49.Bf1 Rb3 50.Na5 Rc3
51.Rb1 Ba4 52.Ra1 Bc2 53.Nb7 Be4 54.Nd6 Ke5 55.Nc4+ Kd4 56.Rd1+ Kc5 57.Ne5 Rb3
58.Nf7 Rb2 59.Rc1+ Rc2 60.Rxc2+ Bxc2 61.Nxh6 g4 62.h3 gxh3 63.gxh3 Kd6 64.h4 Ke7
65.Ng8+ Kf7 66.Nh6+ Kg7  1/2-1/2

[Event "PCA/Intel-GP"]
[Site "London"]
[Date "1995.??.??"]
[Round "1"]
[White "Miles, Anthony J"]
[Black "Kramnik, Vladimir"]
[Result "1-0"]
[WhiteElo "2600"]
[BlackElo "2730"]

1.d4 d5 2.Bg5 h6 3.Bh4 c6 4.e3 Qb6 5.Qc1 e5 6.c3 exd4 7.cxd4 Be7 8.Bxe7 Nxe7
9.Nc3 Bf5 10.Nf3 Nd7 11.Be2 O-O 12.O-O Bg4 13.Qc2 Rfe8 14.Rac1 Nf5 15.Bd3 Nd6
16.Nd2 Nf8 17.Na4 Qd8 18.Nc5 Qg5 19.Kh1 Rad8 20.Rce1 Bc8 21.b4 Qf6 22.a3 Ng6
23.Nf3 Bg4 24.Bxg6 Bxf3 25.Bh7+ Kh8 26.Bd3 Re7 27.Be2 Bxe2 28.Qxe2 Rde8 29.Qd3 Nf5
30.Rb1 Nh4 31.Qd1 a6 32.Qg4 Nf5 33.Kg1 Kg8 34.Rfc1 Nd6 35.a4 g6 36.Nd7 Qg7
37.Ne5 h5 38.Qf4 Re6 39.h3 Rf6 40.Qh2 Re7 41.Rc2 g5 42.Rbc1 Rh6 43.Qg3 Ne4
44.Qf3 f6 45.Nxc6 bxc6 46.Rxc6 Qf7 47.Qf5 Kg7 48.Rxa6 Rh8 49.b5 Rd8 50.Rcc6 Red7
51.Re6 Rc7 52.Rac6 Rxc6 53.Rxc6 Nd6 54.Qc2 Rd7 55.b6 Nc4 56.Qb1 Qe7 57.Qb5 g4
58.hxg4 hxg4 59.g3 Nd2 60.Rc8 Qf7 61.Qxd7  1-0

[Event "PCA/Intel-GP"]
[Site "London"]
[Date "1995.??.??"]
[Round "2"]
[White "Van Wely, Loek"]
[Black "Miles, Anthony J"]
[Result "1-0"]
[WhiteElo "2585"]
[BlackElo "2600"]

1.d4 Nf6 2.c4 e6 3.Nf3 b6 4.Nc3 Bb4 5.Qb3 c5 6.Bg5 Bb7 7.e3 Bxf3 8.gxf3 Nc6
9.d5 exd5 10.cxd5 Ne5 11.f4 Nf3+ 12.Ke2 Nxg5 13.fxg5 Bxc3 14.Qxc3 Nh5 15.Qe5+ Qe7
16.Qxe7+ Kxe7 17.Bg2 Kd6 18.Bf3 g6 19.Bxh5 gxh5 20.e4 h6 21.h4 c4 22.Ke3 Kc5
23.Rh3 Rae8 24.Rf3 Re7 25.Rf5 hxg5 26.hxg5 h4 27.Rh1 h3 28.Rf6 d6 29.Rh6 Rg8
30.Rg1 Re5 31.Kf4 Rg6 32.Rxh3 f6 33.gxf6 Rxf6+ 34.Ke3 Re7 35.Rg8 Rf5 36.Rc8+ Kb4
37.a3+ Kb5 38.Rh7 Rf3+ 39.Kxf3 Rxh7 40.Rc6 Rh3+ 41.Kf4 Rb3 42.Kf5 Rxb2 43.f4 Rd2
44.Ke6 Rd4 45.e5 dxe5 46.fxe5 Rh4 47.Rc8 Ka4 48.d6 b5 49.d7 Rd4 50.Rc6 a5
51.Rd6 Rxd6+ 52.exd6 c3 53.d8=Q c2 54.Qc7 Kb3 55.d7  1-0

[Event "PCA/Intel-GP"]
[Site "London"]
[Date "1995.??.??"]
[Round "3"]
[White "Adams, Michael"]
[Black "Miles, Anthony J"]
[Result "1/2-1/2"]
[WhiteElo "2660"]
[BlackElo "2600"]

1.e4 Nc6 2.Nf3 d6 3.d4 Nf6 4.Nc3 Bg4 5.Be2 e6 6.Be3 Be7 7.O-O O-O 8.Nd2 Bxe2
9.Qxe2 d5 10.e5 Nd7 11.f4 f5 12.exf6 Bxf6 13.Nf3 Qe7 14.Qd2 Rae8 15.Rae1 Qb4
16.b3 Nb6 17.Re2 Nc8 18.Qd3 Nd6 19.Nb1 a6 20.c3 Qb5 21.Qc2 Ne7 22.a4 Qc6
23.Nbd2 Ndf5 24.Qd3 Qd6 25.Bf2 Qxf4 26.Rxe6 Ng6 27.Rxe8 Rxe8 28.Re1 Rxe1+
29.Nxe1 c6 30.Qe2 Kf7 31.Nd3 Qc7 32.Qh5 Nh6 33.Be3 Qe7 34.Bxh6 gxh6 35.Kf2 Kg7
36.Qe2 Qd7 37.Nf3 Qf5 38.g3 Be7  1/2-1/2

[Event "Capablanca mem"]
[Site "Matanzas"]
[Date "1995.??.??"]
[Round "2"]
[White "Van Wely, Loek"]
[Black "Miles, Anthony J"]
[Result "1/2-1/2"]
[WhiteElo "2575"]
[BlackElo "2615"]

1.d4 d5 2.c4 dxc4 3.Nf3 Nf6 4.Nc3 a6 5.e4 b5 6.e5 Nd5 7.a4 e6 8.axb5 Nb6
9.Be2 Be7 10.O-O Bb7 11.bxa6 Rxa6 12.Rxa6 Nxa6 13.Na4 Qd5 14.Ne1 Qc6 15.Nxb6 cxb6
16.Bf3 Qd7 17.b3 cxb3 18.Qxb3 Bxf3 19.Nxf3 Nb4 20.Ba3 Nd5 21.Bxe7 Qxe7 22.Qa4+ Qd7
23.Qa8+ Qd8 24.Qc6+ Qd7 25.Qa8+  1/2-1/2

[Event "Capablanca mem"]
[Site "Matanzas"]
[Date "1995.??.??"]
[Round "5"]
[White "Miles, Anthony J"]
[Black "Becerra Rivero, Julio"]
[Result "1-0"]
[WhiteElo "2615"]
[BlackElo "2490"]

1.d4 Nf6 2.Nf3 g6 3.c3 Bg7 4.Bg5 O-O 5.Nbd2 d5 6.e3 c6 7.Be2 Nbd7 8.O-O Re8
9.Rc1 e5 10.Nb3 e4 11.Nfd2 b5 12.Ra1 Bf8 13.a4 b4 14.Qc2 bxc3 15.Qxc3 Qb6
16.Rfc1 Re6 17.Nc5 Rd6 18.b4 h5 19.Bf4 Ng4 20.h3 Nh6 21.Ncxe4 Re6 22.Nc5 Nxc5
23.bxc5 Qd8 24.Nf3 f6 25.Qc2 Kg7 26.Bd3 g5 27.Bh2 Be7 28.Rcb1 g4 29.Nh4 gxh3
30.gxh3 f5 31.Nxf5+ Kf7 32.Kh1 Rf6 33.Nxh6+ Rxh6 34.Bf5 Bh4 35.Be5 Qf8 36.Rb2 Ke8
37.Bxc8 Qf3+ 38.Kh2 Rxc8 39.Rg1  1-0

[Event "Capablanca mem"]
[Site "Matanzas"]
[Date "1995.??.??"]
[Round "7"]
[White "Miles, Anthony J"]
[Black "Sorin, Ariel"]
[Result "1-0"]
[WhiteElo "2615"]
[BlackElo "2505"]

1.e4 e5 2.Nf3 Nc6 3.d4 exd4 4.Nxd4 Nf6 5.Nc3 Bc5 6.Nxc6 bxc6 7.Bd3 d6 8.O-O Ng4
9.Bf4 g5 10.Bd2 Qf6 11.Qe2 Qe5 12.g3 Qe6 13.Na4 Bd4 14.c3 Qh6 15.h4 Bf6 16.e5 Nxe5
17.hxg5 Bxg5 18.f4 Qh3 19.Be4 Qxg3+ 20.Qg2 Qxg2+ 21.Bxg2 Bh6 22.fxe5 Bxd2
23.Bxc6+ Bd7 24.Bxa8 Bxa4 25.exd6 cxd6 26.Rf2 Bg5 27.Re1+ Kf8 28.Bd5 Be8
29.Rf5 f6 30.Rf3 h5 31.c4 h4 32.Rb3 Bf4 33.Rxe8+  1-0

[Event "Capablanca mem"]
[Site "Matanzas"]
[Date "1995.??.??"]
[Round "10"]
[White "Arencibia, Juan Joel"]
[Black "Miles, Anthony J"]
[Result "1/2-1/2"]
[WhiteElo "2435"]
[BlackElo "2615"]

1.d4 d6 2.c4 e5 3.Nf3 e4 4.Ng5 f5 5.Nh3 Nf6 6.Nc3 c6 7.g3 Na6 8.Bg2 Be7 9.O-O O-O
10.f3 Nc7 11.Qb3 Ne6 12.Be3 Kh8 13.Rad1 d5 14.cxd5 cxd5 15.Rc1 b6 16.Ng5 Nc7
17.Bf4 Nfe8 18.Nh3 Bb7 19.Be5 Bd6 20.f4 Ne6 21.Bxd6 Nxd6 22.e3 Nc4 23.Rfe1 Rc8
24.Nb1 Qd7 25.Bf1 Ba6 26.Qb4 Qb7 27.b3 Nb2 28.Bxa6 Qxa6 29.Nf2 Nd3 30.Nxd3 Qxd3
31.Qd2 Qa6 32.a4 g5 33.Kf2 gxf4 34.gxf4 Qb7 35.Qb4 Qd7 36.Nc3 Qd8 37.Ke2 Qh4
38.Qd6 Qxh2+ 39.Kd1 Ng7 40.Re2 Qh5 41.Qxd5 Rfd8 42.Qb5 Rc5 43.Qb4 Ne6 44.Na2 Rcd5
45.Rc4 Nc5 46.Nc1 Rg8 47.Kc2 Nd7 48.Qe7 Re8 49.Qg5 Qf7 50.Na2 Rd6 51.Kb2 Rg8
52.Qh4 Nf6 53.Nc3 a6 54.Rc2 Ng4 55.Nd1 Rh6 56.Qe1 Qd5 57.Rc8 Rg6 58.Rxg8+ Qxg8
59.Qb4  1/2-1/2

[Event "Andorra"]
[Site "Andorra"]
[Date "1996.??.??"]
[Round "4"]
[White "Jose Queralto, Daniel"]
[Black "Miles, Anthony J"]
[Result "1-0"]
[WhiteElo "2190"]
[BlackElo "2630"]

1.e4 g6 2.d4 Nf6 3.Nc3 d5 4.e5 Nh5 5.Nge2 Bg4 6.h3 Be6 7.g3 c6 8.Bg2 Qd7
9.Be3 Na6 10.Qd2 Nc7 11.Bh6 f6 12.g4 Ng7 13.Bf4 h5 14.g5 fxg5 15.Bxg5 Bf5
16.h4 O-O-O 17.Nd1 Be6 18.Ne3 Nf5 19.O-O-O Nxe3 20.Qxe3 Kb8 21.Ng3 Bg7 22.f3 Rdf8
23.Bf1 Bf7 24.Bd3 Ne6 25.f4 Nxg5 26.fxg5 Be8 27.Rhf1 Qg4 28.Ne2 Qxh4 29.Rh1 Qg4
30.Rdg1 Qf3 31.Kd2 h4 32.Rh3 Qxe3+ 33.Kxe3 Bd7 34.Rh2 Rfg8 35.Nf4 Be8 36.Rg4 h3
37.Rg3 Rh4 38.Rgxh3 Rg4 39.Rg2 Rxg2 40.Nxg2 Kc7 41.Nf4 Kd7 42.Bxg6 Bxg6 43.Nxg6 Ke6
44.Rf3 b5 45.Nf4+ Kd7 46.Rh3 Bf8 47.g6 e6 48.Rh7+ Be7 49.Kf3 Rf8 50.g7 Rg8
51.Nh5 Ke8 52.Nf6+ Bxf6 53.exf6 Kf7 54.Rh8 a5 55.Kf4 a4 56.Kg5  1-0

[Event "Tan Cup"]
[Site "Beijing"]
[Date "1996.??.??"]
[Round "3"]
[White "Miles, Anthony J"]
[Black "Atalik, Suat"]
[Result "0-1"]
[WhiteElo "2630"]
[BlackElo "2525"]

1.d4 Nf6 2.c4 e6 3.Nf3 c5 4.e3 g6 5.dxc5 Na6 6.Nc3 Nxc5 7.Qd4 d6 8.b4 e5
9.Qd1 Nce4 10.Nxe4 Nxe4 11.Bb2 a5 12.a3 axb4 13.axb4 Rxa1 14.Bxa1 Qb6 15.Qa4+ Bd7
16.Qa8+ Ke7 17.Qa3 Bh6 18.Be2 Ra8 19.Qb2 Bxe3 20.fxe3 Qxe3 21.c5 Bb5 22.Ng1 Qf2+
23.Kd1 Ba4+  0-1

[Event "Tan Cup"]
[Site "Beijing"]
[Date "1996.??.??"]
[Round "4"]
[White "Gufeld, Eduard"]
[Black "Miles, Anthony J"]
[Result "1-0"]
[WhiteElo "2445"]
[BlackElo "2630"]

1.e4 c6 2.d4 Na6 3.Nf3 g6 4.c4 d6 5.Nc3 Bg7 6.Be2 Nc7 7.O-O Nh6 8.d5 O-O
9.Bf4 f5 10.Qd2 Nf7 11.exf5 Bxf5 12.Rad1 e5 13.dxe6 Nxe6 14.Be3 Qe7 15.Rfe1 Rae8
16.h3 h5 17.Bd3 Qf6 18.Bxf5 gxf5 19.Bxa7 Kh7 20.h4 Qg6 21.Be3 Qg4 22.Ng5+ Nexg5
23.Bxg5 Qxc4 24.Qc2 Kg6 25.Be7 Rh8 26.Rd3 Kh7 27.b3 Qc5 28.Rf3 Nh6 29.Re6 Bxc3
30.Rxc3 Qa5 31.Qd2 Nf7 32.b4 Qc7 33.Qe2 Nh6 34.Qxh5 Kg8 35.Rg3+  1-0

[Event "Tan Cup"]
[Site "Beijing"]
[Date "1996.??.??"]
[Round "5"]
[White "Miles, Anthony J"]
[Black "Stohl, Igor"]
[Result "1/2-1/2"]
[WhiteElo "2630"]
[BlackElo "2560"]

1.c4 Nf6 2.Nf3 b6 3.Nc3 Bb7 4.d4 e6 5.a3 d5 6.cxd5 Nxd5 7.Bd2 Nf6 8.e3 Nbd7
9.Bc4 c5 10.Qe2 a6 11.a4 Bd6 12.Rc1 O-O 13.O-O Bxf3 14.gxf3 cxd4 15.exd4 Nh5
16.Ne4 Nf4 17.Qd1 Nf6  1/2-1/2

[Event "Tan Cup"]
[Site "Beijing"]
[Date "1996.??.??"]
[Round "8"]
[White "Li Wenliang"]
[Black "Miles, Anthony J"]
[Result "1/2-1/2"]
[WhiteElo "2425"]
[BlackElo "2630"]

1.d4 b6 2.c4 e6 3.a3 g6 4.Nc3 Bg7 5.Nf3 Ne7 6.e3 Bb7 7.Be2 O-O 8.O-O d5 9.cxd5 Nxd5
10.Bd2 Nd7 11.Rc1 c5 12.dxc5 Nxc5 13.b4 Nd7 14.Nxd5 Bxd5 15.Bc3 Bxc3  1/2-1/2

[Event "Biel SKA"]
[Site "Biel"]
[Date "1996.??.??"]
[Round "2"]
[White "Miles, Anthony J"]
[Black "Romanishin, Oleg M"]
[Result "1/2-1/2"]
[WhiteElo "2630"]
[BlackElo "2555"]

1.Nf3 Nf6 2.c4 e6 3.Nc3 Bb4 4.Qc2 c5 5.b3 Nc6 6.e3 O-O 7.Bb2 d6 8.Be2 e5
9.O-O Bg4 10.Rae1 Re8 11.Nd5 Nxd5 12.cxd5 e4 13.dxc6 exf3 14.Bxf3 Bxf3 15.gxf3 Qg5+
16.Kh1 Qh5 17.Qd1 bxc6 18.Rg1 g6 19.Rg3 Qd5 20.Qa1 Re6 21.Rd1 Ba5 22.d4 c4
23.e4 Qb5 24.d5 cxd5 25.Rxd5 Qxd5 26.exd5 Re1+ 27.Qxe1 Bxe1 28.bxc4 Bxf2
29.Rg2 Bc5 30.Re2 f5 31.Re7 Rb8 32.Bg7 Rb4 33.Bh6 Rxc4 34.Rg7+  1/2-1/2